| 000 | 00380nam a2200157Ia 4500 | ||
|---|---|---|---|
| 008 | 100122s9999 xx 000 0 und d | ||
| 082 |
_b76690 _aB823 |
||
| 100 | _aLEONG SUZEE | ||
| 245 | _a"THE DOG,COCKEREL & THE FOX" | ||
| 250 | _a1 | ||
| 260 | _c2006 | ||
| 300 | _a32 | ||
| 630 | _a"THE DOG,COCKEREL & THE FOX" | ||
| 730 | _a"THE DOG,COCKEREL & THE FOX" | ||
| 942 | _cBOOK | ||
| 999 |
_c393487 _d393484 |
||